LEADER 03641nam 2200745 a 450 001 9910782645403321 005 20230424234942.0 010 $a1-4008-0212-1 010 $a1-4008-1154-6 010 $a1-282-75172-7 010 $a9786612751721 010 $a1-4008-2095-2 024 7 $a10.1515/9781400820955 035 $a(CKB)1000000000713366 035 $a(EBL)668949 035 $a(OCoLC)707068793 035 $a(SSID)ssj0000204355 035 $a(PQKBManifestationID)12075028 035 $a(PQKBTitleCode)TC0000204355 035 $a(PQKBWorkID)10196090 035 $a(PQKB)10733968 035 $a(OCoLC)179096962 035 $a(MdBmJHUP)muse35953 035 $a(DE-B1597)446077 035 $a(OCoLC)979905001 035 $a(OCoLC)984687741 035 $a(DE-B1597)9781400820955 035 $a(Au-PeEL)EBL668949 035 $a(CaPaEBR)ebr10035862 035 $a(CaONFJC)MIL275172 035 $a(MiAaPQ)EBC668949 035 $a(PPN)187308780 035 $a(EXLCZ)991000000000713366 100 $a19930324d1993 uy 0 101 0 $aeng 135 $aur|n|---||||| 181 $ctxt$2rdacontent 182 $cc$2rdamedia 183 $acr$2rdacarrier 200 10$aModern Greek lessons $ea primer in historical constructivism /$fJames D. Faubion 205 $aCourse Book 210 $aPrinceton, N. J. $cPrinceton University Press$dc1993 215 $a1 online resource (332 pages) $cillustrations 225 1 $aPrinceton studies in culture/power/history 300 $aDescription based upon print version of record. 311 0 $a0-691-09473-X 311 0 $a0-691-00050-6 320 $aIncludes bibliographical references (p. [271]-288) and index. 327 $tFrontmatter --$tCONTENTS --$tACKNOWLEDGMENTS --$tPREFACE: TERMS AND DEFINITIONS --$tINTRODUCTION: For the Time Being: Some Notes on the Manners of Modern Lives --$tPART I: REVIEWING ATHENS --$t1. Model Improbabilities: Athens at First Sight --$t2. Remembering and Remodeling: The Metaleptic Metropolis --$tPART II: ANOTHER MODERNITY --$t3. Crossing the Threshold: Notes on Conflict at a Certain Greek Airport --$t4. Sovereignty and Its Discontents --$t5. "Everything Is Possible": Notes on the Greek Modern --$tPART III: AFTER THE COLONELS: PROJECTS OF SELF-DEFINITION AND SELF-FORMATION SINCE 1974 --$t6. The Self Made: Developing a Postnational Character --$t7. The Works of Margharita Karapanou: Literature as a Technology of Self-Formation --$t8. Men Are Not Always What They Seem: From Sexual Modernization toward Sexual Modernity --$tEPILOGUE: After the Present --$tNOTES --$tBIBLIOGRAPHY --$tINDEX 330 $aThrough a blend of lively detail and elegant narration, James Faubion immerses us in the cosmopolitan intellectual life of Athens, a centerless city of multiplicities and fragmentations, a city on the "margins of Europe" recovering from the repressive rule of a military junta. Drawing inspiration from Athens and its cultural elite, Faubion explores the meaning of modernity, finding it not in the singular character of "Western civilization" but instead in an increasingly diverse family of practices of reform. 410 0$aPrinceton studies in culture/power/history. 606 $aSocial sciences 606 $aSociology 607 $aAthens (Greece)$xCivilization 615 0$aSocial sciences. 615 0$aSociology. 676 $a949.5/12 700 $aFaubion$b James D.$f1957-$01537362 801 0$bMiAaPQ 801 1$bMiAaPQ 801 2$bMiAaPQ 906 $aBOOK 912 $a9910782645403321 996 $aModern Greek lessons$93849747 997 $aUNINA LEADER 00881cam a2200241 i 4500 001 991004297737207536 005 20240313132847.0 008 231128s2018 flua b 001 0 eng d 020 $a9781138749535 040 $aBibl. Dip.le Aggr. Ingegneria Innovazione - Sez. Ingegneria Innovazione$beng 082 00$a571.64$223 100 1 $aFournier, Ronald L.$044082 245 10$aBasic transport phenomena in biomedical engineering /$cRonald L. Fournier 250 $a4th ed. 264 1$aBoca Raton :$bCRC Press, Taylor & Francis Group,$cc2018 300 $axxix, 626 p. :$bill. ;$c26 cm 504 $aIncludes bibliographical references and index 650 4$aBody Fluids$xmetabolism 650 4$aCell Membrane$xmetabolism 650 4$aTissue Engineering 912 $a991004297737207536 996 $aBasic Transport Phenomena in Biomedical Engineering$9357530 997 $aUNISALENTO LEADER 04422oam 2200961 n 450 001 9910495667303321 005 20231013235609.0 010 $a84-9096-269-3 035 $a(CKB)4100000010353344 035 $a(FrMaCLE)OB-cvz-23532 035 $a(PPN)253362229 035 $a(oapen)doab113567 035 $a(EXLCZ)994100000010353344 100 $a20210115d2020|||| ||| 0 101 0 $aspa 135 $aur||||||m|||| 181 $ctxt$2rdacontent 182 $cc$2rdamedia 183 $acr$2rdacarrier 200 00$aEntre civitas y mad?na$eEl mundo de las ciudades en la Península Ibérica y en el norte de África (siglos iv-ix)$fSabine Panzram, Laurent Callegarin 210 $aMadrid$cCasa de Velázquez$d2020 215 $a1 online resource (XVI-393 p.) 225 1 $aCollection de la Casa de Velázquez 311 08$a84-9096-216-2 330 $aEn las regiones a las dos orillas del Gaditanum fretum existía una concentración de ciudades única en el Imperio. La importancia y el significado de estas ciudades como centros de poder se mantienen -según el debate actual- sin interrupción hasta comienzos del siglo VIII, pero, ¿cómo se desarrolla a partir de entonces, después de estos años que hasta ahora siempre se habían considerado como punto de inflexión decisivo en la historia de estas regiones? Ya en 1985, Hugh N. Kennedy llamó la atención sobre el hecho de que la llamada «Mad?na» debería considerarse consecuencia de transformaciones sociales y económicas, más que resultado de una «islamización» abrupta de la sociedad. Este volumen, en función de la nueva valoración del mundo de las ciudades de la Antigüedad tardía, quiere cuestionar sus consecuencias para la época de la temprana Edad Media, desde una perspectiva interdisciplinar y sobre una nueva base material. Durant l?Antiquité, il exista en péninsule Ibérique et dans le nord de l?Afrique une concentration d?agglomérations urbaines unique dans l?histoire de l?empire romain. Mais que se passe-t-il après l?arrivée des Arabes, considérée comme un point d?inflexion décisif dans l?histoire de ces régions ? Cet ouvrage, fort du renouveau des études portant sur le monde des cités durant l?Antiquité tardive, entend questionner les manifestations urbaines du haut Moyen Âge à travers une perspective interdisciplinaire. 517 3 $aEntre civitas y madina 606 $aHistory 606 $aPenínsula Ibérica 606 $aEdad Media 606 $aal-Andalus 606 $aAntigüedad 606 $aCarthago 606 $aCiudad 606 $aNorte de África 606 $aTheveste 606 $atransformación 610 $aal-Andalus 610 $aAntigüedad 610 $aCarthago 610 $aCiudad 610 $aEdad Media 610 $aNorte de África 610 $aPenínsula Ibérica 610 $aTheveste 610 $atransformación 615 4$aHistory 615 4$aPenínsula Ibérica 615 4$aEdad Media 615 4$aal-Andalus 615 4$aAntigüedad 615 4$aCarthago 615 4$aCiudad 615 4$aNorte de África 615 4$aTheveste 615 4$atransformación 700 $aAlba Calzado$b Miguel$01881728 701 $aArce$b Javier$039268 701 $aBaratte$b Franc?ois$0343928 701 $aBejaoui$b Fe?thi$0690714 701 $aBernal Casasola$b Dari?o$01446403 701 $aCallegarin$b Laurent$01302099 701 $aCressier$b Patrice$0657349 701 $aEger$b Christoph$01430152 701 $aFentress$b Elizabeth$0560632 701 $aFenwick$b Corisande$01430153 701 $aGhaddhab$b Ridha$01430154 701 $aGilhaus$b Lennart$01430155 701 $aGutiérrez Lloret$b Sonia$01298998 701 $aTawfi?q$b Ibra?hi?m$01881729 701 $aKennedy$b Hugh Nigel$01430156 701 $aLeone$b Anna$0170824 701 $aMoreno Marti?n$b Francisco Jose?$0612062 701 $aPanzram$b Sabine$0265976 701 $aRocca$b Elsa$01295888 701 $aSa?nchez Medina$b Esther$01881730 701 $aTeresa Casal García$b María$01430159 701 $aPliego Va?zquez$b Ruth$01881731 701 $aVizcai?no Sa?nchez$b Jaime$01881732 801 0$bFR-FrMaCLE 906 $aBOOK 912 $a9910495667303321 996 $aEntre civitas y mad?na$94496508 997 $aUNINA